[Event "Titled Tuesday intern op 23rd Apr Early"]
[Site "Chess.com INT"]
[Date "2024.04.23"]
[Round "8"]
[White "Rustamov, Rustam"]
[Black "Eynullayev, Atilla Elshan"]
[Result "0-1"]
[WhiteElo "2261"]
[BlackElo "2265"]
[PlyCount "68"]
[EventDate "2024.04.23"]
[EventType "swiss (blitz)"]
[EventRounds "11"]
[EventCountry "USA"]
[SourceTitle "EXT 2025"]
[Source "ChessBase"]
[SourceDate "2024.10.14"]
[SourceVersion "1"]
[SourceVersionDate "2024.10.14"]
[SourceQuality "1"]

1. e4 e6 2. d4 d5 3. Nc3 Nf6 4. e5 Ne4 5. Nxe4 dxe4 6. Bc4 c5 7. c3 Nc6 8. Ne2 cxd4 9. cxd4 Bb4+ 10. Bd2 Qb6 11. 0-0 0-0 12. Bc3 Na5 13. Bb3 Bd7 14. Bc2 Bc6 15. Ng3 Bxc3 16. bxc3 Qb2 17. Nh5 f5 18. exf6 g6 19. Qg4 Qxc2 20. Qxe6+ Rf7 21. Ng3 Qxc3 22. Rad1 Re8 23. Qd6 Nc4 24. Qc5 e3 25. d5 exf2+ 26. Rxf2 Bd7 27. Rdf1 b6 28. Qc7 Qd4 29. Kh1 Ne3 30. Re1 Ng4 31. Rff1 Nf2+ 32. Kg1 Nh3+ 33. Kh1 Qg1+ 34. Rxg1 Nf2# 0-1